LEADER 00834naa a2200181 i 4500 001 000000318899 003 CaOOAMICUS 005 20180831173257.0 008 180831n it u000 u ita u 013 $a28508 040 $aSeMil$bita 100 1 $aBonicelli, Gaetano,$c.$0(OLS)http://semarc/name/4636 245 10$aPromozione dei laici e pastorale del COP. 650 4$aLaicato - Partecipazione.$0(OLS)http://semarc/subject/16232 650 4$aLaicato - Pastorale.$0(OLS)http://semarc/subject/16243 650 4$aLaici - Responsabilitŕ pastorale.$0(OLS)http://semarc/subject/39484 773 0 $aCentro di Orientamento Pastorale $tEducarsi alla corresponsabilitŕ.$dBologna : EDB, 2011.$z978-88-10-53117-4$gp.9-22$w()209928 996 $6245$aPromozione dei laici e pastorale del COP$9(OLS)http://semarc/title/392704 LEADER 00806nam a2200205 i 4500 001 000000059202 003 CaOOAMICUS 005 20121203000000.0 008 121203s1901 xx u000 u fre u 013 $a30374 040 $aSeMil$bita 100 1 $aLemaire, René.$0(OLS)http://semarc/name/30221 245 13$aLe mariage civil :$bétude historique & critique /$cpar René Lemaire. 260 $aParis :$bLarose & Forcel,$c1901. 300 $a226 p ;$c26 cm. 650 4$aMatrimonio civile.$0(OLS)http://semarc/subject/11908 850 $aSeMil 852 $aSeMil$W1$xVenegono$y1$m2J IV 49$j25355$B25355$CSeMilBibl$Z2$F25358 $81 996 $6245$aLe mariage civil :$bétude historique & critique$9(OLS)http://semarc/title/92460 996 $6260$aParis :$bLarose & Forcel$9(OLS)http://semarc/publisher/42007